|
|
|
|
| LEADER |
01243nam a22002892aa4500 |
| 001 |
001113527 |
| 003 |
CZ BrMZK |
| 005 |
20110311132132.0 |
| 007 |
ta |
| 008 |
100901s1982 xr er|||||||||||cze d |
| 035 |
|
|
|a (OCoLC)85551080
|
| 040 |
|
|
|a ABA001
|b cze
|d ABA001
|d BOA001
|
| 041 |
0 |
|
|a cze
|a slo
|
| 080 |
9 |
|
|a 626/627
|
| 080 |
9 |
|
|a 630
|
| 245 |
0 |
0 |
|a Aktiv vedoucích hospodářských pracovníků, stranických a odborových funkcionářů a předních dělníků z oblasti lesního a vodního hospodářství ČSR :
|b České Budějovice : 7.10.1982 /
|c uspořádal Jaroslav Vopelka
|
| 250 |
|
|
|a 1. vyd.
|
| 260 |
|
|
|a Praha :
|b Státní zemědělské nakladatelství,
|c 1982
|
| 300 |
|
|
|a 2 sv. (107, 97 s.) ;
|c 20 cm
|
| 550 |
|
|
|a Vydavatel: Ministerstvo lesního a vodního hospodářství ČSR
|
| 700 |
1 |
|
|a Vopelka, Jaroslav
|7 jx20050628043
|4 com
|
| 710 |
1 |
|
|a Československo.
|b Ministerstvo lesního a vodního hospodářství
|7 kn20050505030
|
| 910 |
|
|
|a BOA001
|b 2-0856.535
|s 1-2
|
| 990 |
|
|
|a BK
|
| 991 |
|
|
|b 201008
|
| 996 |
7 |
|
|b 2619364793
|c 2-0856.535
|d 1.
|v 1
|l MZK
|r Sklad / do 1 hodiny
|n 0
|w 001141112
|u 000010
|a 1
|e BOA001
|j MZK50
|s A
|
| 996 |
7 |
|
|b 2619364794
|c 2-0856.535
|d 2.
|v 2
|l MZK
|r Sklad / do 1 hodiny
|n 0
|w 001141112
|u 000020
|a 1
|e BOA001
|j MZK50
|s A
|